00345nam a2200145Ia 4500008004100000084001300041100002200054245003000076250002000106260000900126260000900135260001100144300000900155500003500164180424s9999 xx 000 0 und d aT10 K151 a"Karuppaswamy, R" 0aMouniyin Sirukathai Kalai a\\199800TAMGPSX aNCBH b1998 cMadras a144p aincludes index and biblioraphy